00972nam a2200241 i 4500001000700000003000900007005001700016008004100033080002100074100003400095245013400129260005400263300005300317490003300370500001800403504002700421599001500448700003000463830004100493852005400534999001900588952012300607185511ES-MaACL20250918063044.0160615s1971 fr af |||| |dfre d a821.133.1-22"16"1 aMolière, d1622-167398187312aL'Avare b: comédie / cMolière ; avec une notice biographique, une notice historique et littéraire... par Léon Lejealle. aSorbonne [Paris] : bLibrairie Larousse, c[1971] a141 p., [4] p. de lám. fot. : bil. ; c17 cm.1 aNouveaux classiques Larousse aCronología. aBibliografía: p. [8] a1 il. col.1 aLejealle, Léon.91598630 aNouveaux classiques Larousse9186641 aES-MaACLjL-30400 z. - Donat. Carmen Zumárraga c185511d185511 00104070aATENEOMbATENEOMcDEPO2d2016-06-15eDONl0oL-30400p1195458r2023-02-23 00:00:00w2023-02-23yMONOGRAFIA